Training in interpersonal skills tips for managing people at work

Saved in:
Bibliographic Details
Main Author: Robbins, Stephen P.
Other Authors: Hunsaker, Philip L.
Format: Book
Language:English
Published: Upper Saddle River, N.J. Pearson/Prentice Hall 2003
Edition:3. ed.
Subjects:
Tags: Add Tag
No Tags, Be the first to tag this record!

MARC

LEADER 00000nam$a2200000$$$4500
001 0002764
005 20230717101157.2
020 |a 0-13-122786-6 
041 0 |a eng 
044 |a US 
245 1 0 |a Training in interpersonal skills  |b tips for managing people at work  |c Stephen P. Robbins, Philip L. Hunsaker 
250 |a 3. ed. 
264 1 |a Upper Saddle River, N.J.  |b Pearson/Prentice Hall  |c 2003 
300 |a 282 s. 
610 2 0 |a práca 
610 2 0 |a zamestnanci 
610 2 0 |a manažment 
610 2 0 |a personál 
610 2 0 |a vzťahy medziľudské 
610 2 0 |a vzťahy pracovné 
610 2 0 |a komunikácia 
610 2 0 |a motivácia 
610 2 0 |a vedenie 
610 2 0 |a riadenie personálne 
610 2 0 |a tímy pracovné 
610 2 0 |a konflikty 
610 2 0 |a vyjednávanie 
610 2 0 |a práca riadiaca 
610 2 0 |a práca s ľuďmi 
610 2 0 |a manažéri 
610 2 0 |a komunikácia manažérska 
610 2 0 |a rozhovor 
610 2 0 |a manažment personálny 
100 1 |a Robbins, Stephen P. 
700 1 |a Hunsaker, Philip L.